MDQL
is popping MORE tags! Check the
thread
!
Quizzes
Events
Quiz Creation
Community
Videos
Private Events
Remove Ads
Sign In
Join for FREE
Feedback
Dark Mode
Quiz Categories
Sports
Geography
Music
Movies
Television
Just For Fun
Miscellaneous
History
Literature
Language
Science
Gaming
Entertainment
Religion
Holiday
For Kids
Quiz Lab
Recent
Popular Today
Quiz Kudos Today
Editor Picks
Curator Picks
Quizzes by...
Day
Popularity
Type
Ratings
Length
Year
Community
Subscriptions
Recent Discussions
Orange Saloon
Badges
Playlists
Quests
Create
Leaderboards
Showdown
Live 5
Trivia Bingo
Activity
Puzzle Library
Sporcle Events
Private Events
Virtual Trivia
Globe League
Become a Host
Pub Owners
SporcleCon
Opinionation
Our Games
Videos
Blog
Mobile Apps
Partnerships
Remove Ads and Go Orange
Feedback
Sports
Athletes
MLB
NBA
NHL
NFL
Soccer
Sports Teams
WWE
NCAA
Football
Premier League
Basketball
Baseball
Hockey
Golf
Tennis
Cricket
Rugby
Auto Racing
Olympics
World Cup
Sports
Athletes
MLB
NBA
NHL
NFL
Soccer
Sports Teams
WWE
NCAA
Football
Premier League
Basketball
Baseball
Hockey
Golf
Tennis
Cricket
Rugby
Auto Racing
Olympics
World Cup
Random Quiz
Search Sporcle
×
Quiz Lab
Quiz Lab
Sports
War
Type in answers that appear in a list
Type in answers that appear in a list
Classic
Best Score? Go Orange.
MLB Top 5 WAR Seasons by Franchise (Positional Players) Stats
Can you name the MLB Top 5 WAR Seasons by Franchise?
By
aheig82
10m
159 Questions
544 Plays
544 Plays
544 Plays
Comments
Comments
Give Quiz Kudos
Give Quiz Kudos
-
- Ratings
hide this ad
More Info
Replay
Link that replays current quiz
Next Quiz
Link to next quiz in quiz playlist
You Got
0%
They Got
Avg Score
83%
Avg Friend Score
Upgrade to see
Score Distribution
Jump to the score distribution portion of the page
Score
0/159
Timer
10:00
0
Plays Today
Team
Player
% Correct
Atlanta/
Milwaukee/
Boston
Hank Aaron
98.2%
Atlanta/
Milwaukee/
Boston
Hank Aaron
98.2%
Boston
Ted Williams
97.6%
Boston
Ted Williams
97.6%
Boston
Ted Williams
97.6%
Los Angeles/
Anaheim/
California
Mike Trout
96.3%
Los Angeles/
Anaheim/
California
Mike Trout
96.3%
Los Angeles/
Anaheim/
California
Mike Trout
96.3%
Los Angeles/
Anaheim/
California
Mike Trout
96.3%
Arizona
Paul Goldschmidt
96%
Arizona
Paul Goldschmidt
96%
New York Yankees
Babe Ruth
96%
New York Yankees
Babe Ruth
96%
New York Yankees
Babe Ruth
96%
New York Yankees
Babe Ruth
96%
Arizona
Luis Gonzalez
95.8%
Arizona
Luis Gonzalez
95.8%
San Diego
Adrian Gonzalez
95.8%
Boston
Carl Yastrzemski
95.6%
Boston
Carl Yastrzemski
95.6%
Houston
Jeff Bagwell
95.6%
Houston
Jeff Bagwell
95.6%
Detroit
Ty Cobb
95.4%
Detroit
Ty Cobb
95.4%
Detroit
Ty Cobb
95.4%
Detroit
Ty Cobb
95.4%
Detroit
Ty Cobb
95.4%
Kansas City
George Brett
95.4%
Kansas City
George Brett
95.4%
Kansas City
George Brett
95.4%
Kansas City
George Brett
95.4%
Baltimore/
St. Louis
Cal Ripken
95.2%
Baltimore/
St. Louis
Cal Ripken
95.2%
Colorado
Larry Walker
95.2%
Colorado
Todd Helton
95.2%
Colorado
Todd Helton
95.2%
Colorado
Todd Helton
95.2%
Colorado
Larry Walker
95.2%
Pittsburgh
Barry Bonds
95.2%
San Francisco/
New York
Barry Bonds
95.2%
San Francisco/
New York
Barry Bonds
95.2%
San Francisco/
New York
Barry Bonds
95.2%
Houston
Craig Biggio
95%
Cincinnati
Joe Morgan
94.5%
Cincinnati
Joe Morgan
94.5%
Cincinnati
Joe Morgan
94.5%
Cincinnati
Joe Morgan
94.5%
Cincinnati
Frank Robinson
94.5%
Los Angeles/
Brooklyn
Jackie Robinson
94.5%
Los Angeles/
Brooklyn
Jackie Robinson
94.5%
Seattle
Ken Griffey Jr.
94.3%
Seattle
Ken Griffey Jr.
94.3%
Philadelphia
Mike Schmidt
93.9%
Team
Player
% Correct
Philadelphia
Mike Schmidt
93.9%
Philadelphia
Mike Schmidt
93.9%
Chicago Cubs
Ernie Banks
93.8%
Chicago Cubs
Ernie Banks
93.8%
Chicago Cubs
Sammy Sosa
93.4%
San Francisco/
New York
Willie Mays
93%
San Francisco/
New York
Willie Mays
93%
San Francisco/
New York
Willie Mays
93%
San Francisco/
New York
Willie Mays
93%
New York Yankees
Lou Gehrig
92.8%
Pittsburgh
Honus Wagner
92.6%
Pittsburgh
Honus Wagner
92.6%
Pittsburgh
Honus Wagner
92.6%
Pittsburgh
Honus Wagner
92.6%
Seattle
Alex Rodriguez
92.3%
Seattle
Alex Rodriguez
92.3%
Texas/
Washington
Alex Rodriguez
92.3%
Texas/
Washington
Alex Rodriguez
92.3%
Texas/
Washington
Alex Rodriguez
92.3%
San Diego
Tony Gwynn
92.1%
San Diego
Tony Gwynn
92.1%
Tampa Bay
Evan Longoria
91.5%
Tampa Bay
Evan Longoria
91.5%
Milwaukee/
Seattle
Robin Yount
91.2%
Milwaukee/
Seattle
Robin Yount
91.2%
Milwaukee/
Seattle
Ryan Braun
91%
Atlanta/
Milwaukee/
Boston
Rogers Hornsby
90.1%
Chicago Cubs
Rogers Hornsby
90.1%
St. Louis
Rogers Hornsby
90.1%
St. Louis
Rogers Hornsby
90.1%
St. Louis
Rogers Hornsby
90.1%
St. Louis
Rogers Hornsby
90.1%
Washington/
Montreal
Bryce Harper
89.9%
Milwaukee/
Seattle
Tommy Harper
89.5%
New York Mets
David Wright
89.3%
St. Louis
Stan Musial
89%
Los Angeles/
Brooklyn
Adrian Beltre
88.6%
Texas/
Washington
Adrian Beltre
88.6%
Houston
Jose Altuve
88.4%
Philadelphia
Chase Utley
88.4%
Toronto
Jose Bautista
88.4%
Chicago White Sox
Nellie Fox
87.5%
Los Angeles/
Brooklyn
Mike Piazza
87.5%
Toronto
Josh Donaldson
85.8%
Toronto
Josh Donaldson
85.8%
Seattle
Ichiro Suzuki
85.7%
Oakland/
Kansas City/
Philadelphia
Jimmie Foxx
85.5%
Texas/
Washington
Josh Hamilton
84.7%
Washington/
Montreal
Gary Carter
84.7%
Washington/
Montreal
Gary Carter
84.7%
Miami/
Florida
Giancarlo Stanton
84.4%
Minnesota/
Washington
Rod Carew
84.2%
Minnesota/
Washington
Rod Carew
84.2%
Team
Player
% Correct
Washington/
Montreal
Vladimir Guerrero
83.1%
Oakland/
Kansas City/
Philadelphia
Rickey Henderson
82.5%
Minnesota/
Washington
Joe Mauer
82.2%
Los Angeles/
Brooklyn
Duke Snider
82%
Chicago Cubs
Ron Santo
80.9%
Kansas City
Willie Wilson
80.5%
New York Mets
Carlos Beltran
80.3%
Washington/
Montreal
Andre Dawson
80%
Washington/
Montreal
Andre Dawson
80%
Miami/
Florida
Hanley Ramirez
79.2%
Miami/
Florida
Hanley Ramirez
79.2%
Cleveland
Nap Lajoie
78.9%
Cleveland
Nap Lajoie
78.9%
New York Mets
Lance Johnson
78.9%
San Diego
Ken Caminiti
77%
Tampa Bay
Ben Zobrist
76.3%
Tampa Bay
Ben Zobrist
76.3%
San Diego
Dave Winfield
75.2%
Washington/
Montreal
Tim Raines
74.1%
Cleveland
Joe Jackson
73.9%
New York Mets
John Olerud
73.2%
Toronto
John Olerud
73.2%
Miami/
Florida
Gary Sheffield
72.6%
Colorado
Ellis Burks
70.8%
Chicago White Sox
Eddie Collins
70.6%
Chicago White Sox
Eddie Collins
70.6%
Oakland/
Kansas City/
Philadelphia
Eddie Collins
70.6%
Oakland/
Kansas City/
Philadelphia
Eddie Collins
70.6%
Los Angeles/
Anaheim/
California
Darin Erstad
69.1%
Philadelphia
Lenny Dykstra
67.8%
Chicago White Sox
Dick Allen
66.5%
Philadelphia
Dick Allen
66.5%
Baltimore/
St. Louis
George Sisler
65.1%
Baltimore/
St. Louis
George Sisler
65.1%
Cleveland
Al Rosen
62.5%
Cleveland
Lou Boudreau
60.7%
Toronto
Jesse Barfield
60.5%
Houston
Cesar Cedeno
56.6%
Atlanta/
Milwaukee/
Boston
Lonnie Smith
54%
Minnesota/
Washington
Chuck Knoblauch
52.6%
Arizona
A.J. Pollock
49.1%
Milwaukee/
Seattle
Carlos Gomez
48.9%
Pittsburgh
Arky Vaughan
48.7%
Atlanta/
Milwaukee/
Boston
Darrell Evans
46.7%
Texas/
Washington
Mark Teixeira
44.3%
Chicago White Sox
Minnie Minoso
41.2%
Oakland/
Kansas City/
Philadelphia
Home Run Baker
37.5%
New York Mets
Bernard Gilkey
35.5%
Tampa Bay
Kevin Kiermaier
35.1%
Kansas City
Darrell Porter
31.3%
Miami/
Florida
Cliff Floyd
29.2%
Minnesota/
Washington
Joe Cronin
24.8%
Baltimore/
St. Louis
George Stone
7%
Quiz Playlist
Details
Report
Send in Message
Add To Playlist
More Info:
Top five WAR (wins against replacement) seasons for each MLB franchise since 1901. Does not include pitchers.
Classic:
Type in answers that appear in a list
Quiz Source
Last Updated: Jun 13, 2017
Quiz Scoreboard
CHALLENGE
Sign Up to Join the Scoreboard
Show All
Scores
Hide
Comments
May contain spoilers
Recently Published
Find the 'City' Movie
by crazypaving
Movies
60s
5x2 Blitz: Bands
by SL_Kpop136
Music
30s
Colored Red Africa Blitz
by spor1
Geography
30s
More to Explore
Quiz From the Vault
Featured Blog Post
14 Easter Pick-up Lines to Find Eggs With
hide this ad
You Might Also Like...
Tags
MLB Quiz
War Quiz
franchise
Player
position
season
team
Top 5
Today's Top Quizzes in Sports
Browse Sports
hide this ad
Today's Top Quizzes in War
Browse War
Top Contributed Quizzes in Sports
1
Les entraîneurs de l'OM et du PSG au 21e siècle
2
Les meilleurs buteurs des matchs entre le PSG et l’OM
3
Players with Multiple 50 Home Run Seasons
4
2022 World Cup Stars
5
Les joueurs passés par le PSG et l'OM
6
NBA Logic Puzzle 2.0
7
Criteria MLB: Left Handed Sluggers
8
MLB Players with Two .350 Batting Average Seasons
9
Top 10 NHL Goal Scorers of All Time
10
Who Hit More Homers?
Explore More
Trending Topics
Disney
Crossword
Marvel
Harry Potter
Kpop
Anime
NBA
The Office
Pokémon
Song
Country
WWE
NFL
Puzzle
Soccer
hide this ad
More By:
aheig82
Quiz
Plays
Rating
Category
Featured
Created
NBA Last Five 25.0+ PPG Players by Team
144,391
4.51
Sports
Nov 17, 2011
NHL 40+ Goal Scorers per Franchise
46,926
4.56
Sports
Nov 16, 2011
MLB Last Five 40+ HR Hitters by Franchise
12,475
4.56
Sports
Nov 14, 2011
Top 5 Medal Winning Teams in Each Summer Olympics
11,925
4.21
Sports
Jul 14, 2012
Top 10 NBA Scoring Leaders Per Season (1990-2000)
8,237
4.00
Sports
Dec 20, 2012
Go to Creator's Profile
Score Distribution
Quiz Creator Spotlight
aheig82
Follow
Send a Message
Quizzes Created
-
Created Quiz Play Count
-
More By This Creator
Popular Quizzes Today
1
Colored Red Africa Blitz
2
Find the 'City' Movie
3
Find the US States - No Outlines Minefield
4
5x2 Blitz: Bands
5
The Countries of the World
6
Find the US States
7
Find the Countries of Europe - No Outlines Minefield
8
US States
More Sports Quizzes
NBA 2K21 Fastest Players
Quiz Lab
Trending Quizzes
Colored Red Europe Blitz I
Colored Red Africa Blitz II
Colored Red Europe Blitz II
Colored Red Africa Blitz III
Colored Red Europe Blitz III
Recently Updated
How Do You Spell That?
pecheneg
Godzilla Movies
pecheneg
Grab Bag: 4-10 Letters
pecheneg
2024 March Madness Bracket
pecheneg
Famous TV Couples
Peacemaker
Champions League XIs: Real Madrid
pecheneg
Largest US Cities 1790-2010
pecheneg
Rides in Walt Disney World
pecheneg
Most Oscar Losses (Acting)
pecheneg
Beyoncé Albums
pecheneg
Trending Topics
Anime
Crossword
Harry Potter
Kpop
Marvel
Disney
NBA
The Office
WWE
Country
Song
Pokémon
NFL
Puzzle
Soccer
Your Account Isn't Verified!
In order to create a playlist on Sporcle, you need to verify the email address you used during registration. Go to your
Sporcle Settings
to finish the process.
Report this User
Report this user for behavior that violates our
Community Guidelines
.
Details:
Send Report
Go to the Sporcle.com Mobile Site →
Comments